[Event "Corsica Masters rap 07th"]
[Site "Bastia"]
[Date "2003.11.01"]
[Round "1.4"]
[White "Grischuk, Alexander"]
[Black "Radjabov, Teimour"]
[Result "1/2-1/2"]
[WhiteElo "2732"]
[BlackElo "2650"]
[Annotator "Erenburg,S"]
[PlyCount "44"]
[EventDate "2003.11.01"]
[EventType "k.o. (rapid)"]
[EventRounds "4"]
[EventCountry "FRA"]
[SourceTitle "CBM 098"]
[Source "ChessBase"]
[SourceDate "2004.02.03"]
[SourceVersion "1"]
[SourceVersionDate "2004.02.03"]
[SourceQuality "1"]

1. e4 c5 2. Nf3 Nc6 3. Bb5 g6 4. Bxc6 dxc6 5. d3 Bg7 6. h3 e5 {Another
theoretical possibility is} (6... Nf6) 7. a3 $5 {Interesting continuation.
White is intending to provide the breakthrough b2-b4 as soon as possible, not
defining the location of the dark-squared bishop yet... More popular is} (7.
Be3 Qe7 8. Nbd2 {1-0 Sutovsky,E-Chandler,M/Hastings 2000/CBM 75/[Oratovsky,M] 
(42)}) 7... Qe7 {Logical alternative to the move in the game is} (7... a5 8.
Be3 Qe7 9. Qd2 Nf6 10. Bh6 O-O 11. Bxg7 Kxg7 12. Qc3 Nd7 13. O-O f6 14. Nbd2 b5
$11 {1/2-1/2 Kritz,L-Ikonnikov,V/Dieren 2002/CBM 89 ext (30)}) 8. Nbd2 (8. O-O
a5 9. a4 Nf6 10. Na3 O-O 11. Nc4 Nd7 12. Bd2 b6 13. Bc3 Rb8 (13... Ba6 14. b3
Rab8 15. Qd2 Rfd8 16. Nh2 Nf8 17. f4 $14 {1-0 Kazakov,P-Kosintseva,N/Kazan
2001/EXT 2002 (43)}) 14. b3 $14 {1-0 Minasian,A-Faibisovich,V/Decin 1996/CBM
53 ext (29)}) 8... Nf6 9. b4 Nd7 {Typical manouevre. If white takes on c5,
black is ready to take on c5 by the knight. Sometimes, the knight can be
transfered to e6 via f8 even before the castle.} (9... O-O 10. O-O Re8 11. Nc4
Nd7 12. c3 Nb6 13. Na5 Be6 14. Bg5 $14 {1-0 Grischuk,A-Wirig,A/France 2002/CBM
88 ext (38)}) 10. O-O O-O 11. Nc4 b6 12. c3 $146 {According to my database,
this position appeared for the first time. I don't like this continuation, as
it weakens d3 pawn. In the previous game white continued} (12. Bb2 Ba6 13. Nfd2
Bxc4 14. Nxc4 b5 15. Ne3 Nb6 16. Bc3 Na4 17. Bd2 Rfd8 $11 {1-0 Ehlvest,
J-Goldin,A/Novosibirsk 1995/CBM 50 (73)}) (12. Bd2 {could be an alternative.})
12... Ba6 $1 {[%csl Rd3][%cal Ya6d3,Yf8d8] After black solves the problem of
dark-squared bishop, the position becomes equal.} 13. Qa4 (13. Nfd2 {doesn't
promise anything:} Rfd8) 13... Bxc4 {The most simple way for an equality. But
other continuations are also possible:} (13... Bb5 14. Qb3 a5 15. bxa5 Bxc4 16.
Qxc4 Rxa5 $11) (13... Nb8 14. Qb3 Rd8 $141 15. Bg5) 14. dxc4 Qe6 $1 15. Be3 ({
White gets nothing after} 15. b5 cxb5 16. cxb5 a6 $1 $11 (16... c4 17. Ng5)) (
15. Qa6 $5) 15... Qxc4 {promises black an equality, but he could fight for an
advantage after} (15... cxb4 16. cxb4 Qxc4 17. Rad1 $1 (17. Rfd1 Nf6 $1 18.
Nxe5 $141 Qxe4 $17) 17... b5 (17... Rfd8 18. Rd6 Nf6 19. Rxd8+ Rxd8 20. Qxa7
Nxe4 21. Qxb6 $14) 18. Qa6 Nb6 $1) 16. Qxc6 Nf6 17. Nd2 $1 Qxc3 ({Black isn't
worse after} 17... Qd3 {as well:} 18. bxc5 bxc5 19. Qxc5 Nxe4 20. Nxe4 Qxe4 $11
) 18. Qb5 {taking control over the d3 square, thus, equalizing the position.} (
18. Rfc1 Qd3 19. bxc5 Rfc8 20. Qb7 Rcb8 21. Qc6 Rc8 22. Qd6 $2 (22. Qb7 $11)
22... Qxd6 23. cxd6 Rd8 $17) 18... cxb4 (18... Rfd8 {doesn't change the
evaluation:} 19. Rfc1 Qd3 20. Qxd3 Rxd3 21. bxc5 Bf8 22. cxb6 axb6 23. a4 $11)
19. Rfc1 Qb2 20. Rcb1 Qc3 21. Rc1 Qb2 22. Rcb1 Qc3 1/2-1/2

[Event "Corsica Masters rap 07th"]
[Site "Bastia"]
[Date "2003.11.01"]
[Round "1.5"]
[White "Grischuk, Alexander"]
[Black "Radjabov, Teimour"]
[Result "1-0"]
[WhiteElo "2732"]
[BlackElo "2650"]
[Annotator "Erenburg,S"]
[PlyCount "81"]
[EventDate "2003.11.01"]
[EventType "k.o. (rapid)"]
[EventRounds "4"]
[EventCountry "FRA"]
[SourceTitle "CBM 098"]
[Source "ChessBase"]
[SourceDate "2004.02.03"]
[SourceVersion "1"]
[SourceVersionDate "2004.02.03"]
[SourceQuality "1"]

1. e4 c5 2. Nf3 Nc6 3. Bb5 g6 4. Bxc6 dxc6 5. d3 Bg7 (5... Bg4) 6. h3 {Now
white prevents the exchange on f3. But} (6. O-O {is also possible:} Bg4 7. h3 (
7. Nbd2 Nf6 8. Nc4 (8. h3 Bxf3 9. Qxf3 O-O 10. Qe2 e5 11. Nc4 Nd7 12. a4 Qe7
13. Bd2 b6 14. Bc3 Rfd8 15. Qe1 Nf8 16. f4 exf4 17. Bxg7 Kxg7 18. Rxf4 $14 {
1/2-1/2 Adams,M-Gelfand,B/Dos Hermanas 1999/CBM 71 (42)}) 8... Nd7 9. Ne3 Bxf3
10. Qxf3 Nf8 11. Rd1 Ne6 12. c3 Qd7 13. a4 O-O 14. h4 h5 (14... Rad8 $5) 15. g4
$13 {1/2-1/2 Yudasin,L-Kramnik,V/Moscow 1994/CBM 40 ext (65)}) 7... Bxf3 8.
Qxf3 {0-1 Smirin,I-Kramnik,V/Moscow 1995/CBM 46 ext/[Vaisser] (67)}) (6. Nbd2
Nf6 7. O-O Nd7 8. Nc4 b6 9. h3 Nf8 10. Nh2 Ba6 11. Kh1 e5 12. b3 Ne6 13. Nf3 f6
14. Bd2 O-O $11 {0-1 Campora,D-Kharlov,A/Malaga 1999/CBM 68 ext (30)}) 6... Nf6
{Here black had three main plans of completing the development: 1) to develop
the knight to d7 via f6; 2) to develop it to e7 with preliminary e7-e5; 3) to
transfer it to f7 via h6 with preliminary f7-f6. As we see black chose the
1-st option.} (6... b6 7. Nc3 e5 {0-1 Zhang Pengxiang-Bu Xiangzhi/Yongchuan
2003/CBM 97_01/[Erenburg] (42)}) (6... e5 {is another theoretical line.}) 7.
Nc3 Nd7 (7... O-O {1/2-1/2 Bologan,V-Leko,P/Dortmund 2003/CBM 97_01/[Erenburg]
(19)}) 8. Be3 e5 {Black's main idea is to prevent from white to develop the
initiative, it means to prevent breakthroughs b2-b4, d2-d4 and f2-f4.} 9. Qd2
h6 {Black prevented from white the trade of dark-squared bishops. But} (9...
Qe7 {is also possible. Its main idea to transfer the knight to e6 as soon as
possible. See 1/2-1/2 Anand,V-Ivanchuk,V/Prague 2002/CBM 89/[Postny] (50)}) 10.
O-O Qe7 11. Nh2 {Now white is ready to realize the breakthrough.} Nf8 12. f4
exf4 13. Rxf4 {It is also possible to take by the bishop:} (13. Bxf4 {1-0
Galdunts,S-Jakubiec,A/Griesheim 2002/CBM 88/[Finkel,A] (45)}) 13... Be6 {
Black decides to defend the f7 pawn and to prepare the occupation of the e5
square by the knight. Another logical continuation is} (13... Ne6 {1-0 Pikula,
D-Kovacevic,A/Banja Koviljaca 2002/CBM 89/[Postny] (35)}) 14. Raf1 {Another
plan is to put the rooks on the "e" and "f" files:} (14. Rff1 Nd7 15. Qf2 b6
16. a4 a5 17. Nf3 O-O 18. Qg3 g5 19. Rae1 $14 {0-1 Oral,T-McShane,L/Greenland
Open, Qaqortoq GRL 2003 (30)}) 14... Nd7 15. R4f2 b6 $146 {According to my
database, this position appeared for the first time. In the previous games
black tried} (15... h5 $6 {1-0 Rublevsky,S-Vokarev,S/Azov 1996/CBM 56 ext/
[Makarichev] (25)}) (15... O-O-O $5 16. Ng4 $5 (16. Ne2 Ne5 17. Qa5 b6 18. Qa6+
Kb8 19. Nf3 g5 $11 {1-0 Shchekachev,A-Wells,P/TCh-AUT 2003 (37)}) 16... g5 $132
(16... Bxg4 $2 17. Rxf7 $16) (16... h5 $2 17. Bg5 Qd6 18. Nf6 $16)) (15... f6
16. Nf3 b6 17. Ne2 h5 18. e5 $1 O-O-O 19. exf6 Bxf6 20. Bg5 $14 {1-0 Perunovic,
M-Nataf,I/1st League TCh-SCG, Budva SCG 2003 (67)}) 16. Ng4 Bxg4 $6 {seems
like a wrong decision. Deserved attention the following continuations:} (16...
O-O-O $5 17. Nxh6 (17. Bxh6 Bxh6 18. Nxh6 Rh7) 17... f6 {[%cal Gh8h7,Gd8h8]}) (
16... g5 $5 $13) 17. Rxf7 (17. hxg4 $2 Ne5) 17... Qxf7 ({Black cannot play} 
17... Qe5 {, in view of} 18. hxg4 Bf6 19. d4 Qe6 (19... cxd4 20. R1xf6 $1 $18)
20. Rxd7 $1 Kxd7 21. d5 $1 $16) 18. Rxf7 Kxf7 19. hxg4 Ne5 20. Qf2+ Ke7 21. Qg3
Rae8 22. Ne2 {transfering the knight to f4.} Kd7 23. Nf4 Rhf8 ({Worth
consideration} 23... Bf6 {preventing g4-g5.}) 24. b3 $1 {[%csl Gb3][%cal Yc2c3,
Yd3d4,Gb3c4] covering an important square c4.} (24. g5 $1 h5 (24... hxg5 25.
Qxg5 Bf6 26. Qg3) 25. c3 $14 {[%cal Gd3d4]}) 24... Kc8 ({Probably better was} 
24... g5 {, preventing c2-c3.} 25. Nh5 Bh8) (24... Bf6 {comes to consideration
as well.}) 25. c3 {It is right decision to provide the breakthrough d3-d4.} g5
26. Nh5 Bh8 27. d4 cxd4 28. cxd4 $14 Nf7 29. e5 $2 {Now the possibilities of
black's dark-squared bishops are very limited. White is going to attack
black's weaknesses, and, will improve the position of his knight, transfering
it to f5 via g3.} (29. Qf2 $142 $1 $14) 29... Nd8 $2 {missing much more
attractive continuation.} (29... Nxe5 $1 30. Bf2 (30. dxe5 Bxe5 31. Qh3 Rd8 32.
g3 (32. Ng3 Rd1+ 33. Kh2 Rff1) 32... Rd3 $19) 30... Nf7 $17) 30. Bf2 $1 {
preparing the transfer of the queen to d3, where it has good prospects on both
flanks.} Ne6 31. Qd3 Nc7 32. Ng3 $16 Kb8 (32... Nd5 33. Qh7 $18) (32... Re6 33.
Nf5 Kd7 34. Nd6 $16) 33. Nf5 Re6 34. b4 Nd5 $2 ({More resistant was} 34... Rd8
35. Nd6 $16) 35. b5 $1 $18 Nf4 (35... Rd8 36. Nd6) 36. Qc4 cxb5 37. Qxb5 Rd8
38. g3 Nd5 (38... Ng6 39. Qc4) 39. Nd6 {Now black loses the material and the
game.} Ne7 (39... Nc7 40. Qc6 $18) 40. Nf7 Rf8 (40... Kc7 41. Nxd8 Kxd8 42. Qb3
Rc6 43. Qf7 $18) 41. Qd7 1-0

[Event "EU-ch Internet fin"]
[Site "Playchess.com INT"]
[Date "2003.11.09"]
[Round "1.2"]
[White "Wirig, Anthony"]
[Black "Radjabov, Teimour"]
[Result "1-0"]
[WhiteElo "2422"]
[BlackElo "2648"]
[PlyCount "71"]
[EventDate "2003.11.09"]
[EventType "k.o. (blitz)"]
[EventRounds "5"]
[EventCountry "GER"]
[SourceTitle "EXT 2004"]
[Source "ChessBase"]
[SourceDate "2003.11.25"]
[SourceVersion "1"]
[SourceVersionDate "2003.11.25"]
[SourceQuality "1"]

1. d4 Nf6 2. Nf3 e6 3. Bg5 c5 4. e3 h6 5. Bh4 b6 6. c3 Bb7 7. Nbd2 Be7 8. Bd3
O-O 9. O-O cxd4 10. cxd4 Nc6 11. a3 Nh5 12. Bxe7 Qxe7 13. Rc1 Rac8 14. Qa4 Nf6
15. Ba6 Bxa6 16. Qxa6 d6 17. Rc2 Qd7 18. Rfc1 Ne7 19. e4 Rxc2 20. Rxc2 d5 21.
Ne5 Qd8 22. exd5 Qxd5 23. Qxa7 Qxd4 24. Nef3 Qd3 25. Rc3 Qd6 26. Qc7 Rd8 27.
Qxd6 Rxd6 28. Kf1 g5 29. Nc4 Rc6 30. Nd4 Rc8 31. Nxb6 Rb8 32. Nc4 Ned5 33. Rc2
Ne4 34. Nc6 Rb3 35. Nd2 Rb6 36. Nxe4 1-0

[Event "EU-ch Internet fin"]
[Site "Playchess.com INT"]
[Date "2003.11.09"]
[Round "1.3"]
[White "Radjabov, Teimour"]
[Black "Wirig, Anthony"]
[Result "1-0"]
[WhiteElo "2648"]
[BlackElo "2422"]
[PlyCount "189"]
[EventDate "2003.11.09"]
[EventType "k.o. (blitz)"]
[EventRounds "5"]
[EventCountry "GER"]
[SourceTitle "EXT 2004"]
[Source "ChessBase"]
[SourceDate "2003.11.25"]
[SourceVersion "1"]
[SourceVersionDate "2003.11.25"]
[SourceQuality "1"]

1. d4 Nf6 2. c4 e6 3. Nf3 Bb4+ 4. Bd2 c5 5. Bxb4 cxb4 6. g3 O-O 7. Bg2 d6 8.
O-O Nc6 9. a3 bxa3 10. Rxa3 e5 11. d5 Nb4 12. Nc3 Bg4 13. Nd2 a5 14. h3 Bf5 15.
e4 Bd7 16. Kh2 Re8 17. Na2 Nxa2 18. Rxa2 a4 19. Qe2 Qb6 20. Rfa1 Ra6 21. Nb1
Rc8 22. Nc3 Qb4 23. Bf1 h6 24. Qc2 Qc5 25. Kg2 Rca8 26. Ra3 Qc8 27. Kh2 Qc5 28.
Kg1 Qc8 29. c5 Qxc5 30. Bxa6 Rxa6 31. Rc1 Ra8 32. Raa1 b5 33. Qe2 b4 34. Nd1
Qd4 35. Rc4 Qb6 36. Qe3 Qb5 37. Qd3 Kh7 38. Kh2 Qa6 39. Qc2 a3 40. Rxb4 a2 41.
Nc3 Qc8 42. Qe2 Bxh3 43. f3 Bd7 44. Rxa2 Rxa2 45. Nxa2 Qc5 46. Rb7 h5 47. Nc3
g5 48. Kg2 h4 49. g4 Kg6 50. Qf2 Qc4 51. Rb6 Qc7 52. Ra6 Bc8 53. Ra7 Qc4 54.
Ra4 Qb3 55. Ra3 Qc4 56. Qe2 Qd4 57. Ra4 Qb6 58. b4 Bd7 59. b5 Qc5 60. Rc4 Qa3
61. b6 Qb3 62. Rc7 Qxb6 63. Rc4 Qd8 64. Qf2 Qa5 65. Nd1 Qa1 66. Ne3 Qa6 67. Rc2
Bb5 68. Rb2 Bd3 69. Kh2 Qa1 70. Rd2 Qa6 71. Kg2 Bb5 72. Nf5 Qa5 73. Kh2 Qa6 74.
Ra2 Qb7 75. Nxd6 Qd7 76. Nf5 Bd3 77. Kg2 h3+ 78. Kxh3 Qe8 79. Kg3 Qh8 80. Qh2
Qxh2+ 81. Kxh2 Ne8 82. Kg3 Nf6 83. Rb2 Kh7 84. Rb6 Nd7 85. Rd6 Nc5 86. Rh6+ Kg8
87. Rc6 Nd7 88. Rc7 Nf8 89. d6 Bb5 90. Rc8 Bd7 91. Rd8 Bxf5 92. gxf5 Kg7 93.
f6+ Kg8 94. Rxf8+ Kxf8 95. d7 1-0

[Event "EU-ch Internet fin"]
[Site "Playchess.com INT"]
[Date "2003.11.09"]
[Round "2.1"]
[White "Radjabov, Teimour"]
[Black "Vlassov, Nikolai"]
[Result "1/2-1/2"]
[WhiteElo "2648"]
[BlackElo "2466"]
[PlyCount "79"]
[EventDate "2003.11.09"]
[EventType "k.o. (blitz)"]
[EventRounds "5"]
[EventCountry "GER"]
[SourceTitle "EXT 2004"]
[Source "ChessBase"]
[SourceDate "2003.11.25"]
[SourceVersion "1"]
[SourceVersionDate "2003.11.25"]
[SourceQuality "1"]

1. d4 Nf6 2. c4 Nc6 3. Nf3 e6 4. g3 Bb4+ 5. Bd2 Qe7 6. Bg2 Bxd2+ 7. Nbxd2 d6 8.
Nf1 e5 9. Ne3 O-O 10. O-O exd4 11. Nxd4 Bd7 12. Re1 Qe5 13. Nb5 Rfc8 14. Nc3
Re8 15. Ned5 Rac8 16. e3 a6 17. Qf3 Nxd5 18. cxd5 Na5 19. Qf4 Qxf4 20. gxf4 b5
21. Ne2 Nc4 22. b3 Nb6 23. Nd4 Kf8 24. Rec1 Ke7 25. Rc2 Na8 26. Bf1 Rb8 27. a4
bxa4 28. bxa4 a5 29. Bb5 Bxb5 30. axb5 Kd7 31. Rxa5 Nb6 32. Nc6 Rbc8 33. Ra7
Nxd5 34. Nd4 g6 35. Rca2 Rb8 36. Kg2 Re4 37. Rd2 Ree8 38. Rda2 Re4 39. Rd2 Ree8
40. Rda2 1/2-1/2

[Event "EU-ch Internet fin"]
[Site "Playchess.com INT"]
[Date "2003.11.09"]
[Round "2.2"]
[White "Vlassov, Nikolai"]
[Black "Radjabov, Teimour"]
[Result "1/2-1/2"]
[WhiteElo "2466"]
[BlackElo "2648"]
[PlyCount "171"]
[EventDate "2003.11.09"]
[EventType "k.o. (blitz)"]
[EventRounds "5"]
[EventCountry "GER"]
[SourceTitle "EXT 2004"]
[Source "ChessBase"]
[SourceDate "2003.11.25"]
[SourceVersion "1"]
[SourceVersionDate "2003.11.25"]
[SourceQuality "1"]

1. e4 c5 2. c3 Nf6 3. e5 Nd5 4. d4 cxd4 5. cxd4 Nc6 6. Nc3 Nxc3 7. bxc3 d6 8.
f4 e6 9. Nf3 Be7 10. Bd3 d5 11. O-O h5 12. Rb1 g6 13. Qc2 Rg8 14. Ng5 b6 15.
Bd2 Qc7 16. Be1 Bd7 17. Bh4 Na5 18. Ba6 Bc8 19. Bb5+ Bd7 20. Ba6 Bc8 21. Be2
Bd7 22. Qd3 Rc8 23. Rfc1 Rh8 24. Qh3 Ba3 25. Ba6 Bxc1 26. Bxc8 Bxf4 27. Bxd7+
Qxd7 28. Rf1 Bxg5 29. Bxg5 Nc6 30. Qd3 Ne7 31. Rb1 Nf5 32. Bf6 Rg8 33. Qa6 Ne7
34. a4 Nc8 35. a5 Qc6 36. axb6 axb6 37. Rb3 Kd7 38. h3 Kc7 39. Ra3 Qb7 40. Qd3
Qc6 41. Bg5 Kb8 42. Qf3 Qb7 43. Ra1 Na7 44. Rf1 Nb5 45. Bd2 Rf8 46. Qd3 Qd7 47.
Rb1 Na7 48. Rxb6+ Ka8 49. Qb1 Qc7 50. Kh2 Rb8 51. Rb4 Rxb4 52. Qxb4 Nc6 53.
Qf8+ Kb7 54. Bg5 Qd7 55. Kg3 Na7 56. Kh4 Nb5 57. Bd2 Kc7 58. Kg5 Qd8+ 59. Qxd8+
Kxd8 60. Kf6 Ke8 61. Kg7 Na3 62. Bc1 Nc4 63. g3 Na5 64. g4 hxg4 65. hxg4 Nc4
66. Kf6 Nb6 67. Kg5 Na4 68. Bd2 Ke7 69. Kf4 Nb6 70. Kg5 Nc4 71. Bc1 Nb6 72.
Ba3+ Ke8 73. Kf6 Na4 74. Bb4 Nb2 75. Kg7 Nd3 76. Kh6 Nf2 77. Kg5 Ne4+ 78. Kf4
Nf2 79. Kf3 Nd3 80. Ke3 Nb2 81. Kf4 Nc4 82. Kg5 Kd7 83. Kf6 Ke8 84. Kg5 Nb2 85.
Kf6 Nc4 86. Kg5 1/2-1/2

[Event "EU-ch Internet fin"]
[Site "Playchess.com INT"]
[Date "2003.11.09"]
[Round "2.3"]
[White "Radjabov, Teimour"]
[Black "Vlassov, Nikolai"]
[Result "1/2-1/2"]
[WhiteElo "2648"]
[BlackElo "2466"]
[PlyCount "180"]
[EventDate "2003.11.09"]
[EventType "k.o. (blitz)"]
[EventRounds "5"]
[EventCountry "GER"]
[SourceTitle "EXT 2004"]
[Source "ChessBase"]
[SourceDate "2003.11.25"]
[SourceVersion "1"]
[SourceVersionDate "2003.11.25"]
[SourceQuality "1"]

1. d4 Nf6 2. c4 Nc6 3. Nf3 e6 4. g3 Bb4+ 5. Bd2 a5 6. Bg2 d6 7. O-O e5 8. d5
Nb8 9. Be3 Na6 10. a3 Bc5 11. Bxc5 Nxc5 12. b3 O-O 13. Nc3 Bf5 14. b4 Nce4 15.
Nxe4 Bxe4 16. Qb3 Qc8 17. Rfd1 b6 18. Bf1 h6 19. Nd2 Bf5 20. Bg2 Bh3 21. Bh1
Qf5 22. Qc3 Rfe8 23. e4 Qh5 24. f3 Nh7 25. c5 axb4 26. axb4 bxc5 27. bxc5 Ng5
28. c6 f5 29. Qe3 Rf8 30. exf5 Bxf5 31. h4 Nh7 32. g4 Bxg4 33. fxg4 Qxg4+ 34.
Bg2 Qxh4 35. Rxa8 Rxa8 36. Ne4 Nf6 37. Nxf6+ Qxf6 38. Rf1 Qg6 39. Qe4 Qg5 40.
Qf5 Qe3+ 41. Kh1 Qg3 42. Qh3 Qg5 43. Be4 Kh8 44. Qg2 Qh4+ 45. Kg1 g5 46. Qf3
Qf4 47. Qxf4 exf4 48. Rb1 g4 49. Rb7 Ra1+ 50. Kg2 Ra2+ 51. Kf1 Ra1+ 52. Ke2 Ra3
53. Kd2 Ra2+ 54. Kd3 Ra3+ 55. Kc2 Re3 56. Bh1 Re7 57. Kd3 f3 58. Rb1 f2 59. Rf1
g3 60. Bg2 Kg7 61. Kd2 Kf6 62. Rh1 Kg5 63. Rh3 Kg4 64. Rxh6 Kf5 65. Rh3 Kf4 66.
Rh4+ Kg5 67. Rh8 Kg4 68. Rg8+ Kf4 69. Rf8+ Kg4 70. Rg8+ Kf4 71. Bh3 Rh7 72.
Rf8+ Ke5 73. Bf1 Kxd5 74. Bg2+ Kc5 75. Rg8 Rf7 76. Ke2 d5 77. Rxg3 Kxc6 78. Rf3
Rxf3 79. Bxf3 Kc5 80. Kxf2 Kd4 81. Ke2 c5 82. Bxd5 Kxd5 83. Kd3 c4+ 84. Kc3 Kc5
85. Kc2 Kd4 86. Kd2 c3+ 87. Kc2 Kc4 88. Kc1 Kd3 89. Kd1 c2+ 90. Kc1 Kc3 1/2-1/2

[Event "EU-ch Internet fin"]
[Site "Playchess.com INT"]
[Date "2003.11.09"]
[Round "2.4"]
[White "Vlassov, Nikolai"]
[Black "Radjabov, Teimour"]
[Result "1-0"]
[WhiteElo "2466"]
[BlackElo "2648"]
[PlyCount "61"]
[EventDate "2003.11.09"]
[EventType "k.o. (blitz)"]
[EventRounds "5"]
[EventCountry "GER"]
[SourceTitle "EXT 2004"]
[Source "ChessBase"]
[SourceDate "2003.11.25"]
[SourceVersion "1"]
[SourceVersionDate "2003.11.25"]
[SourceQuality "1"]

1. e4 c5 2. c3 d5 3. exd5 Qxd5 4. d4 Nf6 5. Nf3 Bg4 6. dxc5 Qxc5 7. h3 Bh5 8.
Be3 Qc7 9. Na3 a6 10. Qa4+ Nc6 11. g4 Bg6 12. O-O-O e6 13. Bf4 Qc8 14. Ne5 b5
15. Nxb5 axb5 16. Qxb5 Be4 17. f3 Bd5 18. Rxd5 Nxd5 19. Nxc6 Qd7 20. Ne5 Qxb5
21. Bxb5+ Ke7 22. Nc6+ Kf6 23. Be5+ Kg6 24. Bd3+ f5 25. gxf5+ exf5 26. Rg1+ Kh6
27. Nd4 Ne7 28. Bf4+ Kh5 29. Rg5+ Kh4 30. Ne6 Kxh3 31. Bf1+ 1-0

[Event "Benidorm Bali"]
[Site "Benidorm"]
[Date "2003.11.27"]
[Round "3"]
[White "Radjabov, Teimour"]
[Black "Vallejo Pons, Francisco"]
[Result "1/2-1/2"]
[WhiteElo "2650"]
[BlackElo "2662"]
[PlyCount "29"]
[EventDate "2003.11.27"]
[EventType "tourn (rapid)"]
[EventRounds "11"]
[EventCountry "ESP"]
[EventCategory "16"]
[SourceTitle "CBM 099"]
[Source "ChessBase"]
[SourceDate "2004.03.30"]
[SourceVersion "1"]
[SourceVersionDate "2004.03.30"]
[SourceQuality "1"]

1. d4 Nf6 2. c4 g6 3. Nc3 d5 4. cxd5 Nxd5 5. e4 Nxc3 6. bxc3 Bg7 7. Bc4 c5 8.
Ne2 O-O 9. O-O Nc6 10. Be3 Bd7 11. Rb1 a6 12. dxc5 Na5 13. Bd3 Qc7 14. Nd4 Rfd8
15. Qc2 1/2-1/2

[Event "Benidorm Bali"]
[Site "Benidorm"]
[Date "2003.11.28"]
[Round "5"]
[White "Radjabov, Teimour"]
[Black "Karjakin, Sergey"]
[Result "1-0"]
[WhiteElo "2650"]
[BlackElo "2562"]
[Annotator "Lutz,C"]
[PlyCount "161"]
[EventDate "2003.11.27"]
[EventType "tourn (rapid)"]
[EventRounds "11"]
[EventCountry "ESP"]
[EventCategory "16"]
[SourceTitle "CBM 099"]
[Source "ChessBase"]
[SourceDate "2004.03.30"]
[SourceVersion "1"]
[SourceVersionDate "2004.03.30"]
[SourceQuality "1"]

1. d4 d5 2. c4 c6 3. Nc3 Nf6 4. e3 e6 5. Nf3 Nbd7 6. Qc2 Bd6 7. g4 Bb4 8. Bd2
Qe7 9. Bd3 Bxc3 10. Bxc3 dxc4 11. Bxc4 b5 12. Bd3 Bb7 13. e4 a6 $6 {Dieser Zug
erscheint zu passiv, da Weiß nun den Pc6 blockieren kann und der Bb7
eingesperrt bleibt.} (13... Nxe4 $1 {0-1 Mamedyarov,S-Karjakin,S/Benidorm 2003/
CBM 99_01/[Lutz] (54) war Karjakins Verbesserung im gleichen Turnier einen Tag
später.}) 14. b4 Nb6 $6 ({Da nach dem Textzug Schwarz weitestgehend zur
Passivität verurteilt ist, kam auch hier} 14... Nxe4 {in Betracht.} 15. Bxe4 f5
16. Bd3 c5 17. dxc5 Bxf3 {erscheint jedenfalls nicht besonders klar.}) 15. Rg1
Nfd7 16. Bd2 O-O-O 17. a4 $1 {Weiß greift unter Qualitätsopfer den schwarzen
König an. Da hier der Bb7 nur ein großer Bauer ist, fällt die leichte
materielle Investition leicht.} Nxa4 18. Rxa4 bxa4 19. Bxa6 Nb8 20. Bd3 Rd7 $6
(20... e5 $5 21. Qxa4 exd4) 21. Ke2 f5 22. gxf5 exf5 23. e5 g6 24. Rc1 Rc7 25.
Qxa4 Qd7 26. Rc5 $16 {Schwarz kann jetzt nur noch zuschauen. wieWeiß langsam
den Druck verstärkt.} f4 27. Qa2 Re8 28. Bc4 Qg4 29. e6 Nd7 (29... h6 $5) 30.
Rg5 Qh3 31. Bxf4 c5 32. Rg3 Qf5 33. Bxc7 Kxc7 34. bxc5 $18 Ra8 35. Qb3 Qe4+ 36.
Qe3 Nxc5 37. Nd2 Qxe3+ 38. Rxe3 Na4 39. d5 Nb6 40. e7 Re8 41. Bb5 Nd7 42. Ne4
Bxd5 43. Bxd7 Rxe7 44. Nf6 Bc4+ 45. Ke1 Rxd7 46. Nxd7 Kxd7 47. Kd2 Be6 48. Ra3
Kd6 49. Ra7 h5 50. f4 Bf5 51. Ke3 Kd5 52. Ra5+ Ke6 53. Kf3 Kf6 54. Kg3 Bd3 55.
Rd5 Bc2 56. Rc5 Bd3 57. Kf2 Be4 58. Ke3 Bb1 59. Rb5 Bc2 60. Rb2 Ba4 61. Rb6+
Kf5 62. Rb4 Bc2 63. Rc4 Bb1 64. Rc1 Ba2 65. Rc5+ Kf6 66. Rc8 Bb1 67. Rf8+ Ke6
68. Kf3 Ke7 69. Rb8 Bf5 70. Rb6 Kf7 71. Ke3 Kg7 72. h4 Kf7 73. Kd4 Bc2 74. Ke5
Kg7 75. Rb7+ Kh6 76. Kf6 Bd3 77. Rb8 Kh7 78. Kg5 Be4 79. Re8 Bc2 80. Re7+ Kg8
81. Kf6 1-0

[Event "Benidorm Bali"]
[Site "Benidorm"]
[Date "2003.11.28"]
[Round "6"]
[White "Hillarp Persson, Tiger"]
[Black "Radjabov, Teimour"]
[Result "1/2-1/2"]
[WhiteElo "2512"]
[BlackElo "2650"]
[PlyCount "84"]
[EventDate "2003.11.27"]
[EventType "tourn (rapid)"]
[EventRounds "11"]
[EventCountry "ESP"]
[EventCategory "16"]
[SourceTitle "CBM 099"]
[Source "ChessBase"]
[SourceDate "2004.03.30"]
[SourceVersion "1"]
[SourceVersionDate "2004.03.30"]
[SourceQuality "1"]

1. d4 Nf6 2. c4 g6 3. Nc3 Bg7 4. e4 d6 5. h3 O-O 6. Bg5 a6 7. Nf3 c5 8. dxc5
Qa5 9. Bd3 dxc5 10. O-O Nc6 11. e5 Nd7 12. e6 fxe6 13. Qe2 Kh8 14. Ne4 Qc7 15.
Rae1 b6 16. h4 Nde5 17. Nxe5 Qxe5 18. h5 Qf5 19. f4 Nd4 20. Qd1 Qf7 21. hxg6
Qxg6 22. Nd6 Nf5 23. Nxf5 exf5 24. Rxe7 Be6 25. Rf3 Rae8 26. Rxe8 Rxe8 27. Qc2
Bd4+ 28. Kh2 Bf6 29. Bxf6+ Qxf6 30. Rh3 Rg8 31. Qf2 Bf7 32. Qh4 Qxh4 33. Rxh4
Be6 34. Rh3 Kg7 35. g4 Rf8 36. Re3 Bd7 37. g5 Rf7 38. Re5 Bc8 39. Kg3 h6 40.
Kh4 Kg6 41. gxh6 Kxh6 42. Rd5 Rd7 1/2-1/2